[Event "RUS-chT blitz"]
[Site "Sochi"]
[Date "2017.10.05"]
[Round "10"]
[White "Andreikin, Dmitry"]
[Black "Kamsky, Gata"]
[Result "0-1"]
[WhiteElo "2705"]
[BlackElo "2676"]
[PlyCount "72"]
[EventDate "2017.10.05"]
[EventType "team-swiss (blitz)"]
[EventRounds "15"]
[EventCountry "RUS"]
[SourceTitle "CBM 181 Extra"]
[Source "ChessBase"]
[SourceDate "2017.12.12"]
[SourceVersion "1"]
[SourceVersionDate "2017.12.12"]
[SourceQuality "1"]
[WhiteTeam "Urals Sima Land"]
[BlackTeam "Tatarstan Rook"]
[WhiteTeamCountry "RUS"]
[BlackTeamCountry "RUS"]

1. d4 f5 2. Nf3 Nf6 3. Bg5 e6 4. Nbd2 Be7 5. e3 b6 6. Bd3 Bb7 7. Bxf6 Bxf6 8.
e4 fxe4 9. Bxe4 d5 10. Bd3 O-O 11. O-O Nc6 12. c3 Qd6 13. Re1 g6 14. Bb5 Ne7
15. Ne5 a6 16. Ba4 b5 17. Bc2 Bxe5 18. Rxe5 Nc6 19. Rg5 e5 20. Qh5 Kg7 21. Nf3
e4 22. Nh4 Ne7 23. Qg4 Bc8 24. Qg3 Qxg3 25. hxg3 Bf5 26. Nxf5+ Nxf5 27. Rg4
Rab8 28. Re1 b4 29. Bb3 bxc3 30. bxc3 c6 31. Rf4 g5 32. Rg4 Kf6 33. f4 exf3 34.
Bc2 f2+ 35. Kxf2 Rb2 36. Re2 h5 0-1

[Event "RUS-chT blitz"]
[Site "Sochi"]
[Date "2017.10.05"]
[Round "11"]
[White "Kamsky, Gata"]
[Black "Potapov, Pavel"]
[Result "1-0"]
[WhiteElo "2676"]
[BlackElo "2479"]
[PlyCount "85"]
[EventDate "2017.10.05"]
[EventType "team-swiss (blitz)"]
[EventRounds "15"]
[EventCountry "RUS"]
[SourceTitle "CBM 181 Extra"]
[Source "ChessBase"]
[SourceDate "2017.12.12"]
[SourceVersion "1"]
[SourceVersionDate "2017.12.12"]
[SourceQuality "1"]
[WhiteTeam "Tatarstan Rook"]
[BlackTeam "Yamal"]
[WhiteTeamCountry "RUS"]
[BlackTeamCountry "RUS"]

1. d4 f5 2. g3 Nf6 3. Bg2 g6 4. c3 Bg7 5. h4 d5 6. Nh3 Be6 7. Qb3 b6 8. Nd2 c6
9. Nf3 Nbd7 10. Nf4 Bg8 11. h5 Nxh5 12. Nxh5 gxh5 13. Rxh5 e6 14. Bf4 Bf7 15.
Rh1 Qe7 16. Qa4 b5 17. Qa5 Nb6 18. b3 Bg6 19. Ne5 Bxe5 20. Bxe5 O-O 21. Bf3 Nd7
22. Bf4 e5 23. Bh6 Rfe8 24. e3 Qf6 25. Kf1 f4 26. exf4 e4 27. Bg4 Bf5 28. Bg5
Qf7 29. Bh5 Bg6 30. Bxg6 hxg6 31. Re1 e3 32. fxe3 Qf5 33. Kf2 Re4 34. Qc7 Rae8
35. Qxc6 Nf8 36. Qf6 Qxf6 37. Bxf6 Nd7 38. Rh8+ Kf7 39. Rh7+ Kxf6 40. Rxd7 Rc8
41. Rxd5 Rxc3 42. Rxb5 Rc2+ 43. Re2 1-0

[Event "RUS-chT blitz"]
[Site "Sochi"]
[Date "2017.10.05"]
[Round "12"]
[White "Kamsky, Gata"]
[Black "Vokarev, Sergey"]
[Result "1-0"]
[WhiteElo "2676"]
[BlackElo "2443"]
[PlyCount "65"]
[EventDate "2017.10.05"]
[EventType "team-swiss (blitz)"]
[EventRounds "15"]
[EventCountry "RUS"]
[SourceTitle "CBM 181 Extra"]
[Source "ChessBase"]
[SourceDate "2017.12.12"]
[SourceVersion "1"]
[SourceVersionDate "2017.12.12"]
[SourceQuality "1"]
[WhiteTeam "Tatarstan Rook"]
[BlackTeam "Sverdlovskaya Politechnik"]
[WhiteTeamCountry "RUS"]
[BlackTeamCountry "RUS"]

1. d4 d5 2. Nf3 Bf5 3. Bf4 e6 4. e3 Bd6 5. Bg3 Nf6 6. c4 c6 7. Nc3 Ne4 8. Qb3
Nxg3 9. hxg3 Qb6 10. c5 Qxb3 11. axb3 Bc7 12. b4 b5 13. Nh4 Bg4 14. Kd2 O-O 15.
f3 Bh5 16. g4 Bg6 17. f4 f6 18. Nxg6 hxg6 19. Bd3 f5 20. g5 a5 21. bxa5 Na6 22.
Be2 Nb4 23. Ra3 Ra7 24. Rha1 Rfa8 25. Bxb5 Rxa5 26. Be2 Kf7 27. Na4 R5a7 28.
Nb6 Bxb6 29. cxb6 Rxa3 30. Rxa3 Rb8 31. Ra7+ Kg8 32. b7 Kh7 33. Kc3 1-0

[Event "RUS-chT blitz"]
[Site "Sochi"]
[Date "2017.10.05"]
[Round "13"]
[White "Gluhovsky, Mark"]
[Black "Kamsky, Gata"]
[Result "0-1"]
[WhiteElo "2312"]
[BlackElo "2676"]
[PlyCount "100"]
[EventDate "2017.10.05"]
[EventType "team-swiss (blitz)"]
[EventRounds "15"]
[EventCountry "RUS"]
[SourceTitle "CBM 181 Extra"]
[Source "ChessBase"]
[SourceDate "2017.12.12"]
[SourceVersion "1"]
[SourceVersionDate "2017.12.12"]
[SourceQuality "1"]
[WhiteTeam "Moscow Gogol Mogol"]
[BlackTeam "Tatarstan Rook"]
[WhiteTeamCountry "RUS"]
[BlackTeamCountry "RUS"]

1. e4 c5 2. Nf3 e6 3. b3 b6 4. Bb2 Bb7 5. Nc3 Nc6 6. Bd3 Nge7 7. O-O Ng6 8. Re1
a6 9. Bf1 Bd6 10. g3 O-O 11. Bg2 Qc7 12. d3 h6 13. Ne2 Nce5 14. Nxe5 Bxe5 15.
Bxe5 Nxe5 16. c4 f5 17. f4 Ng4 18. Qd2 Rad8 19. h3 Nf6 20. Nc3 g6 21. Rad1 Bc6
22. Qf2 Rf7 23. d4 cxd4 24. Qxd4 fxe4 25. Nxe4 Bxe4 26. Bxe4 Kg7 27. Bf3 Qc5
28. Kg2 Qxd4 29. Rxd4 Rb8 30. Re5 Kf8 31. g4 Ke7 32. g5 hxg5 33. Rxg5 Rg7 34.
h4 Rh8 35. Kg3 Rh6 36. Rd1 Rgh7 37. Rh1 Ne8 38. b4 Nd6 39. c5 Nf5+ 40. Kf2 bxc5
41. bxc5 Rxh4 42. Rxh4 Rxh4 43. Rxg6 Rxf4 44. Rg8 Nh4 45. Kg3 Rxf3+ 46. Kxh4
Ra3 47. Rg2 Ra4+ 48. Kg3 Rc4 49. Rb2 Rxc5 50. Rb6 Ra5 0-1

[Event "RUS-chT blitz"]
[Site "Sochi"]
[Date "2017.10.05"]
[Round "14"]
[White "Murzin, Volodar"]
[Black "Kamsky, Gata"]
[Result "1/2-1/2"]
[WhiteElo "2270"]
[BlackElo "2676"]
[PlyCount "95"]
[EventDate "2017.10.05"]
[EventType "team-swiss (blitz)"]
[EventRounds "15"]
[EventCountry "RUS"]
[SourceTitle "CBM 181 Extra"]
[Source "ChessBase"]
[SourceDate "2017.12.12"]
[SourceVersion "1"]
[SourceVersionDate "2017.12.12"]
[SourceQuality "1"]
[WhiteTeam "Moscow Region IMBA"]
[BlackTeam "Tatarstan Rook"]
[WhiteTeamCountry "RUS"]
[BlackTeamCountry "RUS"]

1. e4 c5 2. Nf3 e6 3. g3 Nc6 4. Bg2 g6 5. O-O Bg7 6. c3 Nf6 7. Re1 O-O 8. d4
cxd4 9. Nxd4 d5 10. exd5 Nxd5 11. Nxc6 bxc6 12. Nd2 a5 13. Ne4 Ba6 14. Nc5 Qe7
15. Nxa6 Rxa6 16. Bxd5 cxd5 17. Qxd5 a4 18. a3 Rb8 19. Qc4 Qb7 20. Bf4 Rc8 21.
Qe2 Rb6 22. Rab1 h5 23. h4 Bxc3 24. Rec1 Bf6 25. Rxc8+ Qxc8 26. Qe4 Qd7 27. Be5
Bxe5 28. Qxe5 Rb5 29. Qc3 Rd5 30. Rc1 Rd1+ 31. Rxd1 Qxd1+ 32. Kg2 Qd5+ 33. Kg1
e5 34. Qc8+ Kg7 35. Qc3 Kf6 36. Qb4 Qd4 37. Qb8 Kg7 38. Kg2 Qd5+ 39. Kg1 Kf6
40. Qh8+ Ke7 41. Qb8 Qd4 42. Qb7+ Kf6 43. Qb8 Kg7 44. Kg2 e4 45. b3 Qd5 46.
bxa4 e3+ 47. Kh2 exf2 48. Qb2+ 1/2-1/2

[Event "RUS-chT blitz"]
[Site "Sochi"]
[Date "2017.10.05"]
[Round "15"]
[White "Kamsky, Gata"]
[Black "Shkurkin, Andrey"]
[Result "1-0"]
[WhiteElo "2676"]
[BlackElo "2191"]
[PlyCount "29"]
[EventDate "2017.10.05"]
[EventType "team-swiss (blitz)"]
[EventRounds "15"]
[EventCountry "RUS"]
[SourceTitle "CBM 181 Extra"]
[Source "ChessBase"]
[SourceDate "2017.12.12"]
[SourceVersion "1"]
[SourceVersionDate "2017.12.12"]
[SourceQuality "1"]
[WhiteTeam "Tatarstan Rook"]
[BlackTeam "Sverdlovsk Region"]
[WhiteTeamCountry "RUS"]
[BlackTeamCountry "RUS"]

1. d4 d5 2. Nf3 e6 3. Bf4 c5 4. e3 Nc6 5. c3 Nf6 6. Nbd2 Bd6 7. Bg3 O-O 8. Bd3
Qe7 9. Ne5 Bd7 10. O-O Rfd8 11. f4 Be8 12. Bh4 Rab8 13. Ng4 b5 14. Nxf6+ gxf6
15. Qh5 1-0

[Event "Corsica Masters op 21st"]
[Site "Bastia"]
[Date "2017.10.21"]
[Round "1"]
[White "Kamsky, Gata"]
[Black "Chakravarthi, Reddy M"]
[Result "1-0"]
[WhiteElo "2676"]
[BlackElo "2353"]
[PlyCount "61"]
[EventDate "2017.10.21"]
[EventType "swiss"]
[EventRounds "9"]
[EventCountry "FRA"]
[SourceTitle "CBM 181 Extra"]
[Source "ChessBase"]
[SourceDate "2017.12.12"]
[SourceVersion "1"]
[SourceVersionDate "2017.12.12"]
[SourceQuality "1"]

1. d4 d5 2. Nf3 Nf6 3. Bf4 c5 4. e3 Nc6 5. Nbd2 e6 6. c3 cxd4 7. cxd4 Be7 8. h3
O-O 9. Bd3 Qb6 10. Qb3 Qxb3 11. Nxb3 Ne4 12. a3 Bd7 13. Ke2 f6 14. Bh2 e5 15.
dxe5 fxe5 16. Bxe4 dxe4 17. Nfd2 Be6 18. Rhc1 Rad8 19. Rc3 Bd5 20. Rac1 Rf6 21.
Nc5 Rg6 22. Ncxe4 h5 23. Kf1 Re6 24. f3 b6 25. R3c2 Kf7 26. Bg3 g5 27. Nc3 Na5
28. Nxd5 Rxd5 29. Be1 Nb7 30. Rc7 Nc5 31. Rxa7 1-0

[Event "Corsica Masters op 21st"]
[Site "Bastia"]
[Date "2017.10.22"]
[Round "2"]
[White "Karthik, Venkataraman"]
[Black "Kamsky, Gata"]
[Result "0-1"]
[WhiteElo "2469"]
[BlackElo "2676"]
[PlyCount "132"]
[EventDate "2017.10.21"]
[EventType "swiss"]
[EventRounds "9"]
[EventCountry "FRA"]
[SourceTitle "CBM 181 Extra"]
[Source "ChessBase"]
[SourceDate "2017.12.12"]
[SourceVersion "1"]
[SourceVersionDate "2017.12.12"]
[SourceQuality "1"]

1. e4 e5 2. Nf3 Nc6 3. Bb5 a6 4. Ba4 Nf6 5. O-O Be7 6. Re1 b5 7. Bb3 d6 8. c3
O-O 9. h3 Nb8 10. d4 Nbd7 11. Nbd2 c5 12. Nf1 Bb7 13. d5 Ne8 14. g4 g6 15. Ng3
Ng7 16. Bc2 Kh8 17. Kg2 Nf6 18. b4 cxb4 19. cxb4 Nd7 20. Bh6 Nb6 21. Rc1 Rg8
22. Bd3 Qd7 23. Re2 Raf8 24. Rec2 Bd8 25. Nd2 f5 26. f3 Qe7 27. Nb3 Qh4 28. Bd2
Nh5 29. Qe1 Nf4+ 30. Bxf4 exf4 31. Ne2 fxe4 32. Bxe4 Nxd5 33. Bxd5 Bxd5 34.
Qxh4 Bxh4 35. Rd1 Bc4 36. Rxd6 Be7 37. Rxa6 Bxb4 38. Nbd4 Ra8 39. Rxa8 Rxa8 40.
Nxf4 Kg8 41. Nfe2 Bf8 42. Nb3 Bd3 43. Rd2 Bc4 44. Rc2 Bh6 45. Kg3 Rd8 46. Nc3
Bd3 47. Rh2 Bg7 48. Ne2 Bc4 49. Nec1 Be5+ 50. f4 Bc7 51. g5 Re8 52. Rf2 Re1 53.
Rf3 Rg1+ 54. Kh2 Rd1 55. h4 Kf7 56. Kg3 Bb6 57. f5 Bc7+ 58. Kf2 Bb6+ 59. Kg3
gxf5 60. Rxf5+ Kg7 61. Rf3 Bc7+ 62. Kf2 Rh1 63. Nd3 Rxh4 64. Ke3 Rg4 65. Nf2
Bb6+ 66. Kd2 Rg2 0-1

[Event "Corsica Masters op 21st"]
[Site "Bastia"]
[Date "2017.10.22"]
[Round "3"]
[White "Kamsky, Gata"]
[Black "Antipov, Mikhail Al"]
[Result "1/2-1/2"]
[WhiteElo "2676"]
[BlackElo "2582"]
[PlyCount "77"]
[EventDate "2017.10.21"]
[EventType "swiss"]
[EventRounds "9"]
[EventCountry "FRA"]
[SourceTitle "CBM 181 Extra"]
[Source "ChessBase"]
[SourceDate "2017.12.12"]
[SourceVersion "1"]
[SourceVersionDate "2017.12.12"]
[SourceQuality "1"]

1. d4 Nf6 2. Nf3 e6 3. Bf4 d5 4. Nbd2 Bd6 5. Bg3 Nbd7 6. e3 b6 7. a4 Bb7 8. a5
Rb8 9. axb6 axb6 10. Bb5 Bxg3 11. hxg3 c6 12. Bd3 Qe7 13. Ne5 Nxe5 14. dxe5 Nd7
15. f4 f6 16. Qh5+ Kd8 17. Nf3 Kc7 18. c3 h6 19. Bg6 Ra8 20. O-O Ba6 21. Rfe1
Kb7 22. exf6 Qxf6 23. e4 Be2 24. Rxa8 Bxf3 25. Rxh8 Bxh5 26. Bxh5 dxe4 27. Rxe4
Nf8 28. Bf3 g5 29. Rxf8 Qxf8 30. Rxe6 gxf4 31. Rxc6 Ka6 32. g4 Qe8 33. Kf1 Qe3
34. Rxh6 Qc1+ 35. Ke2 Qc2+ 36. Ke1 Qc1+ 37. Ke2 Qc2+ 38. Ke1 Qc1+ 39. Ke2
1/2-1/2

[Event "Corsica Masters op 21st"]
[Site "Bastia"]
[Date "2017.10.23"]
[Round "4"]
[White "Fier, Alexandr"]
[Black "Kamsky, Gata"]
[Result "1/2-1/2"]
[WhiteElo "2573"]
[BlackElo "2676"]
[PlyCount "82"]
[EventDate "2017.10.21"]
[EventType "swiss"]
[EventRounds "9"]
[EventCountry "FRA"]
[SourceTitle "CBM 181 Extra"]
[Source "ChessBase"]
[SourceDate "2017.12.12"]
[SourceVersion "1"]
[SourceVersionDate "2017.12.12"]
[SourceQuality "1"]

1. e4 e5 2. Nf3 Nc6 3. Bb5 Nf6 4. O-O Nxe4 5. Re1 Nd6 6. Nxe5 Be7 7. Bf1 Nxe5
8. Rxe5 O-O 9. Nc3 Bf6 10. Re1 b6 11. Nd5 Bb7 12. Nxf6+ Qxf6 13. d3 Rae8 14.
Rxe8 Rxe8 15. c3 a5 16. Qg4 Nf5 17. Qg5 Qxg5 18. Bxg5 f6 19. Bd2 Kf7 20. Re1
Rxe1 21. Bxe1 Ba6 22. f3 h5 23. Kf2 h4 24. Ke2 g5 25. g3 hxg3 26. hxg3 d6 27.
Bh3 Bc8 28. Bxf5 Bxf5 29. Bf2 a4 30. a3 g4 31. fxg4 Bxg4+ 32. Kd2 Bf5 33. Be3
Ke6 34. c4 Bh3 35. Kc3 Bf1 36. Bd4 f5 37. Be3 Be2 38. Bf4 Bf1 39. Be3 Be2 40.
Bf4 Bf1 41. Be3 Ke5 1/2-1/2

[Event "Corsica Masters op 21st"]
[Site "Bastia"]
[Date "2017.10.23"]
[Round "5"]
[White "Kamsky, Gata"]
[Black "Huschenbeth, Niclas"]
[Result "1-0"]
[WhiteElo "2676"]
[BlackElo "2596"]
[PlyCount "95"]
[EventDate "2017.10.21"]
[EventType "swiss"]
[EventRounds "9"]
[EventCountry "FRA"]
[SourceTitle "CBM 181 Extra"]
[Source "ChessBase"]
[SourceDate "2017.12.12"]
[SourceVersion "1"]
[SourceVersionDate "2017.12.12"]
[SourceQuality "1"]

1. e4 c5 2. Nf3 d6 3. Bb5+ Nd7 4. a4 a6 5. Bc4 Ngf6 6. Nc3 e6 7. O-O Be7 8. Re1
Qc7 9. a5 O-O 10. d3 h6 11. h3 Nb8 12. e5 dxe5 13. Nxe5 Nc6 14. Nxc6 Qxc6 15.
Bf4 Bd6 16. Qd2 Bxf4 17. Qxf4 Bd7 18. Na4 Rac8 19. Nb6 Qc7 20. Re5 Rcd8 21. Qe3
Bc6 22. Rxc5 Nd5 23. Nxd5 exd5 24. Bb3 Rfe8 25. Qd2 Qd6 26. d4 Re4 27. Rc3 Rde8
28. Re3 Rxe3 29. fxe3 Qg3 30. Re1 Re6 31. Qf2 Qc7 32. Rf1 Bb5 33. Qf4 Qe7 34.
Bxd5 Bxf1 35. Bxe6 Qxe6 36. Kxf1 Qc4+ 37. Kg1 Qxc2 38. Qb8+ Kh7 39. Qxb7 Qc1+
40. Kf2 Qd2+ 41. Kf3 Qd1+ 42. Kf4 Qf1+ 43. Qf3 Qb5 44. Kg3 Kg8 45. Qa8+ Kh7 46.
Qe4+ g6 47. Qe7 Kg8 48. b4 1-0

[Event "Corsica Masters op 21st"]
[Site "Bastia"]
[Date "2017.10.24"]
[Round "6.1"]
[White "Zubov, Alexander"]
[Black "Kamsky, Gata"]
[Result "1/2-1/2"]
[WhiteElo "2623"]
[BlackElo "2676"]
[PlyCount "38"]
[EventDate "2017.10.21"]
[EventType "swiss"]
[EventRounds "9"]
[EventCountry "FRA"]
[SourceTitle "CBM 181 Extra"]
[Source "ChessBase"]
[SourceDate "2017.12.12"]
[SourceVersion "1"]
[SourceVersionDate "2017.12.12"]
[SourceQuality "1"]

1. e4 e5 2. Nf3 Nc6 3. Bb5 a6 4. Ba4 Nf6 5. O-O Be7 6. Bxc6 dxc6 7. d3 Nd7 8.
Be3 c5 9. a4 a5 10. Nc3 O-O 11. Nd2 Bg5 12. Bxg5 Qxg5 13. Nc4 b6 14. Qc1 Qxc1
15. Raxc1 Bb7 16. Nb5 Rac8 17. Na7 Ra8 18. Nb5 Rac8 19. Na7 Ra8 1/2-1/2

[Event "Corsica Masters op 21st"]
[Site "Bastia"]
[Date "2017.10.25"]
[Round "7.2"]
[White "Kamsky, Gata"]
[Black "Dreev, Alexey"]
[Result "1/2-1/2"]
[WhiteElo "2676"]
[BlackElo "2652"]
[PlyCount "81"]
[EventDate "2017.10.21"]
[EventType "swiss"]
[EventRounds "9"]
[EventCountry "FRA"]
[SourceTitle "CBM 181 Extra"]
[Source "ChessBase"]
[SourceDate "2017.12.12"]
[SourceVersion "1"]
[SourceVersionDate "2017.12.12"]
[SourceQuality "1"]

1. d4 d5 2. c4 c6 3. Nc3 Nf6 4. cxd5 cxd5 5. Bf4 Nc6 6. e3 Bg4 7. Nf3 a6 8. Be2
e6 9. O-O Bd6 10. Bxd6 Qxd6 11. Ne1 Bxe2 12. Qxe2 O-O 13. Nd3 Nd7 14. Rac1 Rfc8
15. Rc2 Rc7 16. Rfc1 Rac8 17. Qd1 b6 18. Ne2 Na5 19. Rxc7 Rxc7 20. b3 Rc6 21.
Rxc6 Qxc6 22. Qc1 Qxc1+ 23. Nexc1 Kf8 24. Nb4 Nb8 25. Ncd3 Ke7 26. Kf1 Nac6 27.
Ke2 Kd6 28. Nxc6 Nxc6 29. Kd2 f6 30. Kc3 e5 31. Nb4 exd4+ 32. exd4 a5 33. Nxc6
Kxc6 34. a4 Kd6 35. Kd3 Ke6 36. Ke3 g5 37. g4 Kd6 38. Kd3 Ke6 39. Ke3 Kd6 40.
Kd3 Ke6 41. Ke3 1/2-1/2

[Event "Corsica Masters op 21st"]
[Site "Bastia"]
[Date "2017.10.25"]
[Round "8.2"]
[White "Tregubov, Pavel V"]
[Black "Kamsky, Gata"]
[Result "1/2-1/2"]
[WhiteElo "2589"]
[BlackElo "2676"]
[PlyCount "89"]
[EventDate "2017.10.21"]
[EventType "swiss"]
[EventRounds "9"]
[EventCountry "FRA"]
[SourceTitle "CBM 181 Extra"]
[Source "ChessBase"]
[SourceDate "2017.12.12"]
[SourceVersion "1"]
[SourceVersionDate "2017.12.12"]
[SourceQuality "1"]

1. d4 d5 2. c4 c6 3. cxd5 cxd5 4. Bf4 e6 5. Nc3 Bd6 6. Bxd6 Qxd6 7. e3 Nc6 8.
Bd3 Bd7 9. Nf3 Nf6 10. O-O O-O 11. Qe2 Rac8 12. Rac1 Rfd8 13. h3 h6 14. Rfd1
Be8 15. a3 Qb8 16. Rc2 Qd6 17. Rdc1 Qb8 18. Qe1 Qd6 19. Na4 Rc7 20. Nc5 Rdc8
21. Rc3 Nd8 22. Ne5 b6 23. Na6 Rxc3 24. Rxc3 Rxc3 25. Qxc3 Bc6 26. f3 Kf8 27.
Nb4 Bd7 28. Ba6 Ne8 29. Qc2 Nf6 30. Nbd3 Nc6 31. Qc3 Be8 32. Nxc6 Qxc6 33. Qxc6
Bxc6 34. Ne5 Ba4 35. Kf2 Nd7 36. Nxd7+ Bxd7 37. Bd3 f6 38. f4 Ke7 39. h4 Be8
40. g3 Bd7 41. Kf3 Be8 42. Kf2 Bd7 43. Kf3 Be8 44. Kf2 Bd7 45. Kf3 1/2-1/2

[Event "Corsica Masters op 21st"]
[Site "Bastia"]
[Date "2017.10.26"]
[Round "9.3"]
[White "Kamsky, Gata"]
[Black "Moussard, Jules"]
[Result "1/2-1/2"]
[WhiteElo "2676"]
[BlackElo "2567"]
[PlyCount "71"]
[EventDate "2017.10.21"]
[EventType "swiss"]
[EventRounds "9"]
[EventCountry "FRA"]
[SourceTitle "CBM 181 Extra"]
[Source "ChessBase"]
[SourceDate "2017.12.12"]
[SourceVersion "1"]
[SourceVersionDate "2017.12.12"]
[SourceQuality "1"]

1. Nf3 Nf6 2. g3 b6 3. Bg2 Bb7 4. O-O g6 5. b3 Bg7 6. Bb2 c5 7. c4 O-O 8. d3 d5
9. cxd5 Qxd5 10. Nc3 Qd7 11. d4 cxd4 12. Qxd4 Qxd4 13. Nxd4 Bxg2 14. Kxg2 Rc8
15. Rfd1 Nc6 16. Nxc6 Rxc6 17. Rac1 a6 18. Nd5 Rxc1 19. Nxf6+ Bxf6 20. Bxc1 Kg7
21. Be3 b5 22. f3 Rc8 23. Rc1 Rxc1 24. Bxc1 Bd4 25. g4 f5 26. h3 Kf6 27. Bd2
Ke6 28. gxf5+ gxf5 29. e4 Ke5 30. exf5 Kxf5 31. Kf1 e5 32. Ke2 e4 33. Bc1 Bb6
34. Bd2 Bd4 35. Bc1 Bb6 36. Bd2 1/2-1/2

[Event "Corsica Masters KO 21st"]
[Site "Bastia"]
[Date "2017.10.26"]
[Round "1.1"]
[White "Kamsky, Gata"]
[Black "Kulkarni, Rakesh"]
[Result "1/2-1/2"]
[WhiteElo "2676"]
[BlackElo "2281"]
[PlyCount "69"]
[EventDate "2017.10.26"]
[EventType "k.o. (rapid)"]
[EventRounds "4"]
[EventCountry "FRA"]
[SourceTitle "CBM 181 Extra"]
[Source "ChessBase"]
[SourceDate "2017.12.12"]
[SourceVersion "1"]
[SourceVersionDate "2017.12.12"]
[SourceQuality "1"]

1. d4 c5 2. c3 d5 3. Bf4 Nc6 4. e3 Nf6 5. Nd2 Qb6 6. Qb3 c4 7. Qc2 g6 8. e4 Bg7
9. exd5 Nxd5 10. Nxc4 Qd8 11. Bd2 Bf5 12. Qb3 Ndb4 13. Ne3 Nd3+ 14. Bxd3 Bxd3
15. d5 Na5 16. Qb4 Rc8 17. b3 O-O 18. Rd1 e6 19. c4 b6 20. Bc3 Nc6 21. dxc6 a5
22. Qxf8+ Bxf8 23. Ne2 Rxc6 24. Nf4 Rd6 25. Nxd3 Rxd3 26. Ke2 Rxd1 27. Rxd1 Qc7
28. Ng4 Be7 29. Nf6+ Kf8 30. Nxh7+ Ke8 31. Nf6+ Kf8 32. Nd7+ Ke8 33. Nf6+ Kf8
34. Nd7+ Ke8 35. Nf6+ 1/2-1/2

[Event "Corsica Masters KO 21st"]
[Site "Bastia"]
[Date "2017.10.26"]
[Round "1.2"]
[White "Kulkarni, Rakesh"]
[Black "Kamsky, Gata"]
[Result "0-1"]
[WhiteElo "2281"]
[BlackElo "2676"]
[PlyCount "76"]
[EventDate "2017.10.26"]
[EventType "k.o. (rapid)"]
[EventRounds "4"]
[EventCountry "FRA"]
[SourceTitle "CBM 181 Extra"]
[Source "ChessBase"]
[SourceDate "2017.12.12"]
[SourceVersion "1"]
[SourceVersionDate "2017.12.12"]
[SourceQuality "1"]

1. e4 e5 2. Nf3 Nc6 3. d4 exd4 4. Nxd4 Bc5 5. Nb3 Bb6 6. Nc3 Nge7 7. Qe2 O-O 8.
Be3 f5 9. O-O-O f4 10. Bxb6 axb6 11. g3 d6 12. gxf4 Rxf4 13. Rg1 Ne5 14. Nd4
Qf8 15. f3 c6 16. Rg3 b5 17. a3 Qf6 18. Qe3 Rh4 19. Kb1 N7g6 20. Ndxb5 cxb5 21.
Nd5 Qf8 22. f4 Nxf4 23. Nb6 Rb8 24. Bxb5 Be6 25. Rf1 Qf6 26. Qc3 Qe7 27. Rfg1
g6 28. Rd1 Nh5 29. Re3 Nf6 30. Qb4 Rd8 31. Rd4 Rxh2 32. b3 Qc7 33. Nc4 Bxc4 34.
Bxc4+ Kg7 35. Rc3 Rc8 36. Kb2 Nc6 37. Qxd6 Nxd4 38. Qxd4 Qc5 0-1

[Event "Corsica Masters KO 21st"]
[Site "Bastia"]
[Date "2017.10.27"]
[Round "2.1"]
[White "Kamsky, Gata"]
[Black "Antipov, Mikhail Al"]
[Result "1-0"]
[WhiteElo "2676"]
[BlackElo "2582"]
[PlyCount "65"]
[EventDate "2017.10.26"]
[EventType "k.o. (rapid)"]
[EventRounds "4"]
[EventCountry "FRA"]
[SourceTitle "CBM 181 Extra"]
[Source "ChessBase"]
[SourceDate "2017.12.12"]
[SourceVersion "1"]
[SourceVersionDate "2017.12.12"]
[SourceQuality "1"]

1. g3 Nf6 2. Bg2 c5 3. f4 Nc6 4. Nf3 g6 5. d3 d5 6. O-O Bg7 7. c3 O-O 8. Na3
Bg4 9. Qc2 d4 10. e4 Rc8 11. h3 Bxf3 12. Bxf3 dxc3 13. bxc3 Nd4 14. cxd4 Qxd4+
15. Kg2 Qxa1 16. Be3 Nd5 17. exd5 Qf6 18. Rb1 b6 19. Nc4 Qf5 20. a4 Rfd8 21. g4
Qd7 22. a5 b5 23. Ne5 Bxe5 24. fxe5 c4 25. Qc3 Qc7 26. dxc4 bxc4 27. d6 Qd7 28.
Rb7 Qa4 29. Rxe7 Qb3 30. Bd4 Rb8 31. Qd2 c3 32. Bxc3 Rdc8 33. d7 1-0

[Event "Corsica Masters KO 21st"]
[Site "Bastia"]
[Date "2017.10.27"]
[Round "2.2"]
[White "Antipov, Mikhail Al"]
[Black "Kamsky, Gata"]
[Result "1/2-1/2"]
[WhiteElo "2582"]
[BlackElo "2676"]
[PlyCount "101"]
[EventDate "2017.10.26"]
[EventType "k.o. (rapid)"]
[EventRounds "4"]
[EventCountry "FRA"]
[SourceTitle "CBM 181 Extra"]
[Source "ChessBase"]
[SourceDate "2017.12.12"]
[SourceVersion "1"]
[SourceVersionDate "2017.12.12"]
[SourceQuality "1"]

1. Nf3 Nf6 2. g3 g6 3. Bg2 Bg7 4. O-O O-O 5. c4 c6 6. d3 d6 7. Nc3 e5 8. Rb1 a5
9. a3 Re8 10. Qc2 h6 11. b4 axb4 12. axb4 d5 13. e4 dxc4 14. dxc4 Qc7 15. c5
Be6 16. Rd1 Nbd7 17. h3 b6 18. cxb6 Qxb6 19. Be3 Qb8 20. Nd2 Bf8 21. Bf1 Nb6
22. Nb3 Nc4 23. Bxc4 Bxc4 24. Na5 Bb5 25. Rbc1 Bxb4 26. Nxb5 Qxb5 27. Nxc6 Bf8
28. f3 Ra3 29. Rb1 Qa6 30. Rb6 Qc8 31. Rd3 Qxh3 32. Rxa3 Qxg3+ 33. Qg2 Qxg2+
34. Kxg2 Bxa3 35. Bxh6 Kh7 36. Be3 Re6 37. Na5 Rxb6 38. Bxb6 Nd7 39. Be3 Bc5
40. Bd2 f6 41. Nc4 Kg7 42. Nb2 Kf7 43. Nd3 Bd4 44. Kf1 Ke6 45. Ke2 f5 46. exf5+
gxf5 47. Be3 Bxe3 48. Kxe3 e4 49. fxe4 fxe4 50. Kxe4 Kd6 51. Ne5 1/2-1/2

[Event "Corsica Masters KO 21st"]
[Site "Bastia"]
[Date "2017.10.27"]
[Round "3.1"]
[White "Kamsky, Gata"]
[Black "Jumabayev, Rinat"]
[Result "1-0"]
[WhiteElo "2676"]
[BlackElo "2603"]
[PlyCount "68"]
[EventDate "2017.10.26"]
[EventType "k.o. (rapid)"]
[EventRounds "4"]
[EventCountry "FRA"]
[SourceTitle "CBM 181 Extra"]
[Source "ChessBase"]
[SourceDate "2017.12.12"]
[SourceVersion "1"]
[SourceVersionDate "2017.12.12"]
[SourceQuality "1"]

1. d4 Nf6 2. Nf3 g6 3. Bg5 Bg7 4. c3 d6 5. Nbd2 h6 6. Bh4 O-O 7. e4 c5 8. dxc5
dxc5 9. Bc4 Nc6 10. O-O Nh5 11. a4 Qc7 12. Bg3 Nxg3 13. hxg3 Na5 14. Ba2 Bg4
15. Nc4 Rad8 16. Qe2 Nxc4 17. Bxc4 Rd7 18. Qe3 Bxf3 19. gxf3 Rfd8 20. f4 a6 21.
a5 e6 22. Rfe1 Rd2 23. Re2 Rxe2 24. Qxe2 Qd6 25. f5 exf5 26. exf5 g5 27. Re1
Bf8 28. Qf3 Qc6 29. Qxc6 bxc6 30. f6 Bd6 31. Bxa6 Ra8 32. Bc4 Rxa5 33. Rd1 Be5
34. Rd8+ Kh7 1-0